Atext book of Founday technology (Record no. 1268)

MARC details
000 -LEADER
fixed length control field 00364nam a22001577a 4500
005 - DATE AND TIME OF LATEST TRANSACTION
control field 20160521105107.0
008 - FIXED-LENGTH DATA ELEMENTS--GENERAL INFORMATION
fixed length control field 160521b xxu||||| |||| 00| 0 eng d
041 ## - LANGUAGE CODE
Language code of text/sound track or separate title eng
082 ## - DEWEY DECIMAL CLASSIFICATION NUMBER
Item number 3700
100 ## - MAIN ENTRY--AUTHOR NAME
Personal name OP Klaure
245 ## - TITLE STATEMENT
Title Atext book of Founday technology
260 ## - PUBLICATION, DISTRIBUTION, ETC. (IMPRINT)
Name of publisher Plam Raipur
300 ## - PHYSICAL DESCRIPTION
Number of Pages 875
650 ## - SUBJECT ADDED ENTRY--TOPICAL TERM
Topical Term DIPLOMA ENGINEERING
942 ## - ADDED ENTRY ELEMENTS (KOHA)
Koha item type Books
Holdings
Lost status Damaged status Home library Current library Shelving location Date acquired Cost, normal purchase price Full call number Accession Number Koha item type
    JRU Library   SHELF-42-M 21/05/2016 145.00 3700 3700 Books
    JRU Library   SHELF-42-M 21/05/2016 145.00 3700 3701 Books